000 00538nab a2200193 a 4500
001 55234
003 126015
005 20201118103102.0
008 ||||||n9999 ||| || ||
041 _aspa
245 0 _aAscenso y decadencia de la contabilidad gerencial :
_bpp.751-758
260 _aBuenos Aires :
_bContabilidad Moderna,
_c1988.
562 _e0
650 _aCONTABILIDAD
650 _aEVOLUCIÓN HISTÓRICA
650 _aGERENTE
773 _053244
_aAdministracion de empresas - Vol.18 No.214 (1988)
942 _cSART
999 _c55234
_d55234